Gregorian Calendar Countries - Sudden Death - Statistics

General Stats
  • This quiz has been taken 25 times
  • The average score is 5 of 15
Answers on the Grid
Answers color-coded by a green-red scale on the quiz's grid according to % correct below.
Syria
Armenia
Azerbaijan
Vatican City
Austria
Brazil
Costa Rica
Philippines
Indonesia
Brunei
Ecuador
Chile
Russia
Ireland
Mongolia
Afghanistan
Iran
Ethiopia
Nepal
Algeria
Iraq
Israel
India
Jordan
Oman
Saudi Arabia
Somalia
Mauritania
Egypt
Bangladesh
 
Answer Stats
Answer % Correct
Ireland
68%
Austria
58%
Brazil
58%
Vatican City
58%
Costa Rica
53%
Chile
47%
Ecuador
42%
Russia
42%
Armenia
32%
Philippines
32%
Mongolia
16%
Azerbaijan
11%
Indonesia
11%
Brunei
5%
Syria
5%
No matching quizzes found
Score Distribution
Percent of People with Each Score
Percentile by Number Answered
Your Score History
You have not taken this quiz